000 00252nam a2200097Ia 4500
001 948178
005 20250826215514.0
008 250824s9999 xx 000 0 und d
245 0 _aKARDAN KEDİ ÖYKÜLER
_cLINDA NEWBERY
260 _bKIRMIZI KEDİ YAYINLARI
999 _c948178
_d948178